| 000 | 00654na a2200253 4500 | ||
|---|---|---|---|
| 001 | 16283 | ||
| 003 | MIRAKIL | ||
| 005 | 20181213154954.0 | ||
| 008 | 161003b tu 000 0 | ||
| 020 | _a9755092579 | ||
| 035 | _a16283 | ||
| 040 |
_aMilas _btur _cTR-AnCHP |
||
| 041 | _atur | ||
| 082 |
_a813.42 _bÜ58b 2000 |
||
| 090 | _a813.42 Ü58b 2000 | ||
| 100 | _aÜnver, M. Naci | ||
| 245 |
_aBir yalnızlık masalı _cMehmet Naci Ünver |
||
| 260 |
_aAnkara _bArkadaş _c2000 |
||
| 300 |
_a214 s. _c20 sm. |
||
| 500 | _aYapıt yazarından imzalıdır. | ||
| 650 |
_aTürk edebiyatı _xRoman |
||
| 650 | _aTürkçe roman | ||
| 942 |
_2ddc _cBKS |
||
| 999 |
_c4140 _d4140 |
||